书目信息 |
| 题名: |
美国的冷战战略与巴黎统筹委员会、中国委员会(1945-1994)
|
|
| 作者: | 崔丕 著 | |
| 分册: | ||
| 出版信息: | 长春 东北师范大学出版社 2000.05 |
|
| 页数: | 528页 | |
| 开本: | 32开 | |
| 丛书名: | ||
| 单 册: | ||
| 中图分类: | D871.20 | |
| 科图分类: | ||
| 主题词: | 外交 , 外交关系 , 国际关系 | |
| 电子资源: | ||
| ISBN: | 7-5602-2637-X | |
| 000 | 00691nam0 2200217 45 | |
| 001 | 0110070897 | |
| 005 | 20031219104051.0 | |
| 010 | @a7-5602-2637-X@dCNY28.00 | |
| 100 | @a20011007d2000 km y0chiy0120 ea | |
| 101 | 0 | @achi |
| 105 | @a z 000yy | |
| 200 | 1 | @a美国的冷战战略与巴黎统筹委员会、中国委员会(1945-1994)@AMei Guo De Leng Zhan Zhan Lue Yu Ba Li Tong Chou Wei Yuan Hui、Zhong GuoWei Yuan Hui(1945-1994)@f崔丕著@FCui Pi Zhu |
| 210 | @a长春@c东北师范大学出版社@d2000.05 | |
| 215 | @a528页@d32开 | |
| 606 | 0 | @a外交 |
| 606 | 0 | @a外交关系 |
| 606 | 0 | @a国际关系 |
| 690 | @aD871.20@v3 | |
| 701 | @a崔丕@4著 | |
| 801 | @aCN@bTSTC@c20011007 | |
| 905 | @b298994-996@dD871.20@e28@f3 | |
| 美国的冷战战略与巴黎统筹委员会、中国委员会(1945-1994)/崔丕著.-长春:东北师范大学出版社,2000.05 |
| 528页;32开 |
| ISBN 7-5602-2637-X:CNY28.00 |
| ● |
| 相关链接 |
|
|
|
|
正题名:美国的冷战战略与巴黎统筹委员会、中国委员会(1945-1994)
索取号:D871.20/28
 
预约/预借
| 序号 | 登录号 | 条形码 | 馆藏地/架位号 | 状态 | 备注 |
| 1 | 0298994 | 202989944 | 第一借阅区/ [索取号:D871.20/28] | 在馆 | |
| 2 | 0298995 | 202989953 | 第一借阅区/ [索取号:D871.20/28] | 在馆 | |
| 3 | 0298996 | 202989962 | 第一样本阅览室/ [索取号:D871.20/28] | 在馆 |